000
00311nam a22001337a 4500
008
181017b xxu||||| |||| 00| 0 eng d
020
_a
9780763763817
041
_a
eng
080
_2
3 ed
_a
370
100
_a
3
101
_a
SHM
245
_a
Introduction To Public Health
_c
Schneider.m.j
942
_2
udc
_c
BK
999
_c
50068
_d
50068